Population | State |
8,537,637 | New York | | 99.4% | 256,902 | New York | | 99.4% | 3,976,322 | California | | 99.4% | 1,406,360 | California | | 99.4% | 1,025,360 | California | | 99.4% | 870,887 | California | | 99.4% | 522,053 | California | | 99.4% | 495,234 | California | | 99.4% | 470,130 | California | | 99.4% | 420,005 | California | | 99.4% | 376,380 | California | | 99.4% | 351,043 | California | | 99.4% | 334,217 | California | | 99.4% | 324,722 | California | | 99.4% | 307,072 | California | | 99.4% | 266,122 | California | | 99.4% | 267,172 | California | | 99.4% | 233,136 | California | | 99.4% | 216,239 | California | | 99% | 2,303,482 | Texas | | 98.7% | 1,492,510 | Texas | | 98.7% | 1,317,929 | Texas | | 98.7% | 947,890 | Texas | | 98.7% | 854,113 | Texas | | 98.7% | 683,080 | Texas | | 98.7% | 392,772 | Texas | | 98.7% | 325,733 | Texas | | 98.7% | 286,057 | Texas | | 98.7% | 252,506 | Texas | | 98.7% | 257,156 | Texas | | 98.7% | 238,289 | Texas | | 98.7% | 234,943 | Texas | | 98.7% | 880,619 | Florida | | 97.7% | 453,579 | Florida | | 97.7% |
|
Population | State |
377,165 | Florida | | 97.7% | 277,173 | Florida | | 97.7% | 236,387 | Florida | | 97.7% | 260,999 | Florida | | 97.5% | 2,704,958 | Illinois | | 96.3% | 681,170 | District of Columbia | | 95.8% | 704,352 | Washington | | 95.4% | 1,615,017 | Arizona | | 94.2% | 530,706 | Arizona | | 94.2% | 484,587 | Arizona | | 94.2% | 245,895 | Arizona | | 94.2% | 246,645 | Arizona | | 94.2% | 247,477 | Arizona | | 94.2% | 237,133 | Arizona | | 94.2% | 860,090 | Ohio | | 93.2% | 385,809 | Ohio | | 93.2% | 298,800 | Ohio | | 93.2% | 278,508 | Ohio | | 93.2% | 1,567,872 | Pennsylvania | | 92.9% | 303,625 | Pennsylvania | | 92.9% | 472,522 | Georgia | | 92.8% | 842,051 | North Carolina | | 92.2% | 458,880 | North Carolina | | 92.2% | 287,027 | North Carolina | | 92.2% | 242,203 | North Carolina | | 92.2% | 263,016 | North Carolina | | 92.2% | 639,863 | Oregon | | 91.9% | 672,795 | Michigan | | 90.7% | 673,184 | Massachusetts | | 90.5% | 855,164 | Indiana | | 90.1% | 264,488 | Indiana | | 90.1% | 693,060 | Colorado | | 89.7% | 465,101 | Colorado | | 89.7% | 361,710 | Colorado | | 89.7% |
|
Population | State |
223,170 | Virginia | | 89.4% | 452,602 | Virginia | | 89.3% | 245,115 | Virginia | | 89.3% | 237,940 | Virginia | | 89.3% | 652,717 | Tennessee | | 88.8% | 660,388 | Tennessee | | 88.8% | 632,912 | Nevada | | 88% | 292,969 | Nevada | | 88% | 238,702 | Nevada | | 88% | 245,225 | Nevada | | 88% | 413,651 | Minnesota | | 86.7% | 302,398 | Minnesota | | 86.7% | 481,420 | Missouri | | 86.4% | 311,404 | Missouri | | 86.4% | 389,902 | Kansas | | 86% | 614,664 | Maryland | | 85.6% | 638,367 | Oklahoma | | 85.5% | 403,090 | Oklahoma | | 85.5% | 391,495 | Louisiana | | 85.3% | 227,715 | Louisiana | | 85.3% | 616,261 | Kentucky | | 84.9% | 314,488 | Kentucky | | 84.9% | 559,277 | New Mexico | | 84.7% | 281,764 | New Jersey | | 84% | 264,152 | New Jersey | | 84% | 595,047 | Wisconsin | | 82.1% | 252,551 | Wisconsin | | 82.1% | 352,769 | Hawaii | | 80.4% | 446,970 | Nebraska | | 77% | 280,364 | Nebraska | | 77% | 298,192 | Alaska | | 74.9% | 223,154 | Idaho | | 70.2% |
|
Comments